Uklad konsumpcji w gospodarce planowej

Uložené v:
Podrobná bibliografia
Hlavný autor: Kasprzak, Tadeusz
Médium: Kniha
Jazyk:Polish
Vydavateľské údaje: Warszawa Wydawnictwo naukowe 1984
Tagy: Pridať tag
Žiadne tagy, Buďte prvý, kto otaguje tento záznam!

MARC

LEADER 00000nam a2200000 4500
001 c112375
005 20041019155152.7
041 0 |a pol 
044 |a PL 
245 1 0 |a Uklad konsumpcji w gospodarce planowej  |c Tadeusz Kasprzak 
264 1 |a Warszawa  |b Wydawnictwo naukowe  |c 1984 
300 |a 204 s. 
100 1 |a Kasprzak, Tadeusz